Biggest Cities in the Japanese Empire with a Map - Statistics

General Stats
  • This quiz has been taken 765 times
  • The average score is 31 of 50
Answers on the Map
Answers color-coded by a green-red scale on the quiz's map according to % correct below.
 
Answer Stats
Population Cities % Correct
7,3M Tokyo
99%
1M Keijo (Seoul)
98%
1,6M Beiping (Beijing)
96%
725k Djakarta (Jakarta)
95%
745k Manila
95%
3,7M Shanghai
95%
865k Syonan (Singapore)
95%
345k Taihoku (Taipei)
95%
500k Hong Kong
94%
3M Osaka
93%
340k Heijo (Pyongyang)
92%
440k Saigon (Ho Chi Minh City)
92%
340k Hiroshima
90%
1,2M Guangzhou
89%
1M Kyoto
89%
260k Nagasaki
89%
300k Fuzan (Busan)
87%
840k Wuhan
81%
1,1M Nanjing
80%
520k Rangoon (Yangon)
78%
1,2M Tianjin
78%
1,3M Nagoya
75%
1M Yokohama
72%
675k Harbin
71%
940k Kobe
67%
315k Fukuoka
65%
680k Qingdao
63%
525k Dairen (Dalian)
60%
585k Soerabaia (Surabaya)
60%
240k Sendai
59%
1,1M Fengtian (Shenyang)
57%
400k Bandoeng (Bandung)
55%
550k Hangzhou
55%
345k Fuzhou
51%
230k Ningbo
39%
555k Xinjing (Changchun)
39%
385k Suzhou
38%
255k Yahata (Kitakyushu)
38%
340k Kawasaki
35%
450k Jinan
34%
265k Semarang
24%
270k Wuxi
23%
260k Soerakarta (Surakarta)
20%
300k Kaifeng
18%
265k Kure
18%
265k Xuzhou
18%
245k Yokosuka
16%
280k Fushun
10%
255k Zhenjiang
10%
240k Bengbu
8%
No matching quizzes found
Score Distribution
Percent of People with Each Score
Percentile by Number Answered
Your Score History
You have not taken this quiz